000 01327nam a2200241Ia 4500
999 _c56160
_d56160
001 23261
003 GE_BSU
005 20230504164830.0
008 181216s1990||||ge |||||||||||||| ||geo||
040 _cGE_BSU
041 _ageo
080 _a929.6(479.22) +342.228(479.22) გ-20
100 _aგამსახურდია, სვიმონ
_917968
245 _aსაქართველოს სახელმწიფო დროშები და გერბები /
_cსვიმონ გამსახურდია, ნოდარ შოშიაშვილი, ზაზა ხიდურელი; რედ. დავით მუსხელიშვილი.
264 _aთბილისი
_bმერანი,
_c1990
300 _a38 გვ. :
_b12ფ.ილ. ;
_c16 სმ.
653 _aსაქართველოს სახელმწიფო დროშები
653 _aსაქართველოს სახელმწიფო გერბები
700 _aშოშიაშვილი, ნოდარ
_eავტორი
_917969
700 _aხიდურელი, ზაზა
_eავტორი
_917970
700 _aმუსხელიშვილი, დავით
_eრედაქტორი
_917971
942 _cBK
_2udc